|
|
|
|
| LEADER |
01878njm a2200421 a 4500 |
| 001 |
000821462 |
| 003 |
CZ BrMZK |
| 005 |
20061122115421.0 |
| 007 |
sd fsngnnmmned |
| 008 |
060710s2006 xr df g cze d |
| 028 |
0 |
0 |
|a JR 01452431
|b Tonstudio Jaromír Rajchman
|
| 040 |
|
|
|a BOA001
|b cze
|
| 048 |
|
|
|a of01
|b vu
|
| 072 |
|
7 |
|a 785
|x Instrumentální hudba. Symfonická hudba. Hudba pro více nástrojů
|2 Konspekt
|9 9
|
| 080 |
|
|
|a 785.12.088
|2 MRF
|
| 080 |
|
|
|a 398.23
|2 MRF
|
| 080 |
|
|
|a (086.76)
|2 MRF
|
| 100 |
1 |
|
|a Uher, František,
|d 1964-
|7 jx20041004020
|4 itr
|
| 245 |
1 |
0 |
|a Veselo pod víchů
|h [zvukový záznam]
|
| 260 |
|
|
|a Dolní Bojanovice :
|b Tonstudio Jaromír Rajchman,
|c 2006
|
| 300 |
|
|
|a 1 zvuková deska (55:04) :
|b digital ;
|c 12 cm +
|e 1 leták (12 x 24 cm)
|
| 306 |
|
|
|a 005504
|
| 500 |
|
|
|a Kompaktní deska
|
| 505 |
0 |
0 |
|t Na přivítanů --
|t Vínečko jak višňa --
|t Co sa škádlívá --
|t Malovaná dědinečka --
|t Důchodci a policajti --
|t Bílá lália --
|t Povyprávjali, popili --
|t Večerní dědinů --
|t Veselo v hotelu --
|t Moja postelenka --
|t Tož naschledanů
|
| 511 |
1 |
|
|a Vypráví Franta Uher; zpívají: Karla Grufíková, Pavel Hykš. Hrají Vacenovjáci
|
| 518 |
|
|
|a Nahráno v Tonstudiu Rajchman
|
| 650 |
0 |
7 |
|a lidový humor
|7 ph137892
|2 czenas
|
| 650 |
0 |
7 |
|a dechová hudba (zpěv, dechový orchestr)
|7 ph321440
|2 czenas
|
| 655 |
|
7 |
|a kompaktní desky
|7 fd201991
|2 czenas
|
| 700 |
1 |
|
|a Maňas, Václav,
|d 1942-
|7 jn20030516001
|4 cmp
|
| 700 |
1 |
|
|a Běhounková, Julie
|4 lyr
|
| 700 |
1 |
|
|a Pfeffer, Vladimír,
|d 1937-
|7 jn20000810061
|4 cmp
|4 lyr
|
| 700 |
1 |
|
|a Slabák, Jan,
|d 1941-
|7 jn20000710536
|4 cmp
|4 lyr
|
| 710 |
2 |
|
|a Vacenovjáci (hudební skupina)
|7 kn20010710369
|
| 910 |
|
|
|a BOA001
|b CD-0013.211
|
| 990 |
|
|
|a AV
|
| 991 |
|
|
|b 200608
|
| 996 |
6 |
|
|b 261H014584
|c CD-0013.211
|l MZK
|r Sklad / do 24 hodin
|n 0
|w 000821462
|u 000010
|a 1
|e BOA001
|j MZK50
|s P
|